00797 2200241 4500001002100000005001700021008004100038035002400079082001200103090002300115100002100138245011400159260002900273300003700302500010800339500003100447650001600478850001600494980001500510985000600525986000900531999001500540YOGYA-0209000004439520090227030359.0 ind  0010-020900000044395 a664.133 a664.133bEka KlSK aEKA PUTRA, Gatot aKajian beberapa faktor mutu gula kelapa cetak yang ada di wilayah kabupaten Kulon Progocoleh Gatot Eka Putra aYogyakartab[s.n.]c1994 aix, 39, [24] lembarbilusc30 cm aSkripsi jurusan Teknologi Hasil Pertanian Fak. Teknologi Pertanian Institut Pertanian STIPER Yogyakarta aBibliografi : lembar 38-39 aGula kelapa aYOPDYOG [B] a27-12-2007 a1 aRuni a07A0027028